LEADER 00854nam0-22002891i-450- 001 990002033960403321 005 20060619154430.0 035 $a000203396 035 $aFED01000203396 035 $a(Aleph)000203396FED01 035 $a000203396 100 $a20030910d1919----km-y0itay50------ba 101 0 $ager 200 1 $a<>Histerini des aethiopischen Faunengebiets (Coleoptera, Histeridae)$fH. Bickhardt 210 $aCassel$cVereins fur Naturkunde$d1919 215 $a158 p.$d23 cm 610 0 $aColeotteri 610 0 $aHisteridae 676 $a595.76 700 1$aBickhardt,$bH.$085888 801 0$aIT$bUNINA$gRICA$2UNIMARC 901 $aBK 912 $a990002033960403321 952 $a61 V A.6/102$b2006$fDAGEN 959 $aDAGEN 996 $aHisterini des aethiopischen Faunengebiets (Coleoptera, Histeridae$9404368 997 $aUNINA LEADER 02673nam 2200577 a 450 001 9910141043303321 005 20240514045911.0 010 $a1-283-51419-2 010 $a9786613826640 010 $a1-4443-1845-4 010 $a1-4443-1846-2 035 $a(CKB)2670000000067259 035 $a(EBL)792636 035 $a(SSID)ssj0000471773 035 $a(PQKBManifestationID)12222362 035 $a(PQKBTitleCode)TC0000471773 035 $a(PQKBWorkID)10427639 035 $a(PQKB)10183796 035 $a(Au-PeEL)EBL792636 035 $a(CaPaEBR)ebr10438398 035 $a(CaONFJC)MIL382664 035 $a(OCoLC)701311251 035 $a(MiAaPQ)EBC792636 035 $a(PPN)204371430 035 $a(EXLCZ)992670000000067259 100 $a20100416d2011 uy 0 101 0 $aeng 135 $aur|n|---||||| 181 $ctxt 182 $cc 183 $acr 200 00$aNutritional and metabolic bases of cardiovascular disease /$fedited by Mario Mancini ... [et al.] 205 $a1st ed. 210 $aChichester, West Sussex, U.K. $cWiley-Blackwell$d2011 215 $a1 online resource (483 p.) 300 $aDescription based upon print version of record. 311 $a1-4051-8276-8 320 $aIncludes bibliographical references. 327 $aSection 1. Nutrition and obesity -- Section 2. Metabolic syndrome and diabetes -- Section 3. Hypercholesterolemia and early atherosclerosis -- Section 4. Nutrition, hypertension and cardiovascular disease -- Section 5. Hemostasis and thrombosis : from nutritional influences to cardiovascular events -- Section 6. Nutrition, metabolism, and the aging process. 330 $aExtraordinary advances in the understanding of the links between nutrition, metabolism, and cardiovascular disease have prompted a systematic reappraisal of knowledge in the field. As a result, it is now imperative that clinicians who care for patients with CVD or its key risk factors have a solid understanding of the often complex interrelationships between cardiovascular health and chronic diseases such as diabetes and obesity. Written by a team of international thought leaders in cardiology, endocrinology, diabetology and nutritional science, this important new book: 606 $aCardiovascular system$xDiseases$xNutritional aspects 615 0$aCardiovascular system$xDiseases$xNutritional aspects. 676 $a616.1/071 701 $aMancini$b M$g(Mario)$0995063 801 0$bMiAaPQ 801 1$bMiAaPQ 801 2$bMiAaPQ 906 $aBOOK 912 $a9910141043303321 996 $aNutritional and metabolic bases of cardiovascular disease$92787432 997 $aUNINA